000 00564nam a2200157 a 4500
001 000046506
005 20201002052923.0
008 150820s2015 dr c 000 0 spa d
020 _z9789945166666
040 _aDO-SdBNP
_bspa
_cBNPHU
100 1 _aMatos Flrián, Roberto Emilio
_d1963-
_974498
245 1 0 _aRégil Herasme Santil, otros Herasme, otros Santil /
_cRoberto Emilio Matos Flrián,.
260 _aSanto Domingo :
_bEditora Búho,
_c2015.
300 _a463 p. :
_bil., retrs. ;
_c23 cm.
500 _aIncluye datos biográficos del autor en la contracubierta
999 _c45995
_d45995